000 00264nam a2200109Ia 4500
008 200302s9999 xx 000 0 und d
100 _aElys John
245 _aCad Fundamentals for Architecture
260 _bLaurence King Publishing
260 _c2013
300 _a208
999 _c3362
_d3362